00449 a2200157 4500000002100000001000700021005001700028008004100045082001600086100001900102245008600121260002900207300001000236700002300246700002200269BKB 07104320200902150921.0  a005.8bC88C1 aGaray, Juan A.1 aCryptology and network securitycby Juan A. Garay, Atsuko Miyaji and Akira Otsuka aNew YorkbSpringerc2009 a538p. aMiyaji, Atsukobc aOtsuka, Akirabc